000 00523nam a2200181 a 4500
005 20140310183350.0
008 070619s19uu xx 00 eng d
020 _a0-7486-1771-x
050 _aP 94
_b.Al44 2004
100 _aAlia, Valerie
245 _aMedia ethics and social change. /
_cValerie Alia
260 _aEdinburgh :
_bEdinburgh University Press,
_c2004.
300 _a229 p. :
_bill. ;
_c22 cm.
521 _aMC
650 _aMass media
_xMoral ethical aspects.
942 _cBK
_2lcc
_kFOR
999 _c22063
_d22063